00309nam a2200133Ia 4500008004100000041000800041082001200049100002000061245002400081260004200105300001300147365000900160440000600169240624s9999 xx 000 0 und d aeng a332 FAB aFABOZZI FRANK J aHANDBOOK OF FINANCE c2008aNew JerseybJohn Wiley and Sons a28 : cm. cb30 v3